Алюминий и его сплавы: сообщение в Императорском Русском Техническом Обществе; руководство для техников и мастеров по Алюминиевой промышленности

Chi tiết về thư mục
Tác giả chính: Гольцгауер Э. Ф.
Tóm tắt:На пер. загл. не указано
Текст в русской дореформенной орфографии
Ngôn ngữ:Tiếng Nga
Được phát hành: Санкт-Петербург, Типография бр. Пантелеевых, 1891
Những chủ đề:
Định dạng: Sách
KOHA link:https://koha.lib.tpu.ru/cgi-bin/koha/opac-detail.pl?biblionumber=277567

MARC

LEADER 00000nam0a2200000 4500
001 277567
005 20231101235028.0
035 |a (RuTPU)RU\TPU\book\300843 
090 |a 277567 
100 |a 20141204d1891 m y0rusy50 ca 
101 0 |a rus 
102 |a RU 
105 |a y z 000zy 
200 1 |a Алюминий и его сплавы  |e сообщение в Императорском Русском Техническом Обществе  |e руководство для техников и мастеров по Алюминиевой промышленности  |f Э. Ф. Гольцгауер 
210 |a Санкт-Петербург  |c Типография бр. Пантелеевых  |d 1891 
215 |a 49 с., [5] вкл. 
300 |a На пер. загл. не указано 
300 |a Текст в русской дореформенной орфографии 
316 |5 63413507: М-133202  |a На форзаце печатный экслибрис Фундаментальной библиотеки ТАРУ и печать Томского педагогического техникума 
317 |5 63413507: М-133202  |a Поступила в НТБ в 1970 г. в составе книжного собрания профессора ТПИ И. Н. Бутакова 
606 1 |a Алюминий  |x Обработка  |2 stltpush  |3 (RuTPU)RU\TPU\subj\21949  |9 46856 
610 1 |a металлы 
610 1 |a сплавы алюминия 
610 1 |a химические свойства 
610 1 |a физические свойства 
610 1 |a библиотека И. Н. Бутакова 
610 1 |a библиотека Томского Алексеевского Реального Училища (ТАРУ) 
610 1 |a владельческие знаки 
675 |a 669.716  |v 3 
675 |a 09  |v 3 
700 1 |a Гольцгауер  |b Э. Ф. 
801 1 |a RU  |b 63413507  |c 20141204 
801 2 |a RU  |b 63413507  |c 20190912  |g RCR 
942 |c BK